000 00623cam a22002293a 4500
001 6642
003 PGUSA
005 20140828083135.0
008 041001s2004||||xxu|||||s|||||000 | eng d
040 _aPGUSA
_beng
042 _adc
050 4 _aPT
100 1 _aRaimund, Ferdinand,
_d1790-1836
245 1 0 _aDie gefesselte Phantasie
_h[electronic resource] /
_cFerdinand Raimund
260 _bProject Gutenberg,
_c2004
506 _aPublic domain in the USA.
516 _aElectronic text
653 _aComedies
830 0 _aProject Gutenberg
_v6642
856 4 0 _uhttp://www.gutenberg.org/ebooks/6642
942 _cEB
999 _c235962
_d235962